000 00569nam a22002177a 4500
003 UA-OsUOA
001 56056
007 ta
008 20080930b un ||||| |||| 00| 0 ukr d
100 _aЗверева Т.
090 _a32
_bЗ-43
942 _cSA
040 _aUA-OsUOA
_brus
_cUA-OsUOA
_dUA-OsUOA
245 _aВнешняя политика Франции после прихода к власти Николя Саркози
300 _aС.57-65
955 _a0
041 _arus
080 _a32
773 0 _w56053
650 7 _a32 Політика
_2UDC
999 _c342040
_d342040